| 000 | 00638nam a2200205 i 4500 | ||
|---|---|---|---|
| 001 | 150125 | ||
| 003 | ES-MaACL | ||
| 005 | 20250624062531.0 | ||
| 007 | t| | ||
| 008 | 071026s1913 sp ||||1| spa d | ||
| 080 | _a821.134.2-31"19" | ||
| 100 | 1 |
_aValle-Inclán, Ramón del, _d1866-1936 _9112796 |
|
| 245 | 1 | 0 |
_aSonata de estío _b: memorias del Marqués de Bradomín / _clas publica Ramón del Valle-Inclán. |
| 260 |
_a[Madrid : _bs.n.], _c1913 ( _fImp. Helénica) |
||
| 300 |
_a232 p. ; _c18 cm. |
||
| 490 | 1 |
_aOpera omnia ; _v6 |
|
| 830 | 0 |
_aOpera omnia ; _v6 _9187581 |
|
| 852 |
_aES-MaACL _jD-2408 |
||
| 999 |
_c150125 _d150125 |
||